Top 500 meisjesnamen 2023 - Statistieken

Algemene statistieken
  • Deze quiz is 233 keer genomen
  • De gemiddelde score is 73 van 500
Antwoordstatistieken
Hint Antwoord % Correct
18 Anna
81%
4 Emma
79%
170 Anne
78%
8 Saar
67%
130 Marie
61%
11 Sara
61%
100 Lisa
60%
5 Sophie
58%
326
56%
31 Sofie
53%
433 Ellis
51%
57 Maria
51%
87 Hanna
50%
95 Lot
50%
28 Sarah
50%
17 Elin
49%
32 Ella
49%
38 Julie
49%
230 Lott
49%
6 Nora
49%
1 Julia
47%
9 Noor
47%
43 Roos
47%
24 Eva
46%
39 Isa
44%
116 Liz
44%
23 Lotte
44%
2 Olivia
44%
36 Fleur
43%
19 Nina
43%
140 Sanne
43%
406 Flo
42%
211 Lise
42%
98 Lize
42%
27 Sofia
42%
45 Sophia
42%
97 Charlotte
40%
102 Elisa
40%
60 Rosa
40%
14 Zoë
40%
93 Elise
39%
432 Elize
39%
49 Fien
39%
48 Hannah
39%
52 Lara
39%
42 Noa
39%
114 Amber
38%
50 Bo
38%
69 Floor
38%
81 Lou
38%
440 Maan
38%
3 Mila
38%
56 Lena
36%
25 Mia
36%
322 Eliz
35%
113 Laura
35%
16 Liv
35%
15 Luna
35%
186 Janna
33%
393 Lia
33%
21 Lina
33%
107 Fem
32%
146 Femke
32%
91 Isabel
32%
144 Louise
32%
257 Hanne
31%
53 Isabella
31%
37 Lieke
31%
94 Lola
31%
30 Lynn
31%
10 Tess
31%
202 Zara
31%
165 Eline
29%
64 Jade
29%
161 Lana
29%
314 Anouk
28%
431 Dani
28%
13 Evi
28%
132 Fay
28%
437 Lien
28%
86 Merel
28%
7 Yara
28%
334 Diana
26%
464 Emilie
26%
29 Emily
26%
239 Robin
26%
127 Tessa
26%
496 Britt
25%
300 Ellie
25%
123 Iris
25%
277 Janne
25%
234 Lieve
25%
124 Lilly
25%
473 Liza
25%
79 Mara
25%
44 Noé
25%
397 Noë
25%
106 Romy
25%
58 Vera
25%
221 Alice
24%
195 Elisabeth
24%
82 Feline
24%
160 Féline
24%
370 Linn
24%
390 Rose
24%
168 Sam
24%
366 Amalia
22%
255 Beau
22%
216 Bella
22%
120 Bente
22%
462 Eliza
22%
157 Evie
22%
158 Evy
22%
301 Fatima
22%
453 Jana
22%
54 Jasmijn
22%
66 Juul
22%
139 Kate
22%
271 Laure
22%
289 Nienke
22%
460 Tara
22%
80 Charlie
21%
78 Chloë
21%
88 Chloé
21%
343 Chloe
21%
189 Isabelle
21%
227 Jane
21%
151 Jill
21%
242 Juliette
21%
219 Juliëtte
21%
51 June
21%
409 Kato
21%
46 Lily
21%
67 Maya
21%
96 Naomi
21%
352 Nikki
21%
118 Benthe
19%
261 Helena
19%
34 Livia
19%
74 Mae
19%
199 Marit
19%
12 Milou
19%
110 Mira
19%
111 Rosalie
19%
190 Senna
19%
209 Sterre
19%
92 Veerle
19%
400 Alicia
18%
84 Amy
18%
305 Ariana
18%
104 Ava
18%
62 Cato
18%
306 Daphne
18%
128 Demi
18%
68 Elena
18%
403 Evelien
18%
41 Fenna
18%
384 Ise
18%
484 Kaat
18%
147 Kiki
18%
148 Lea
18%
486 Lizz
18%
394 Lizzie
18%
71 Lizzy
18%
245 Lois
18%
33 Loïs
18%
26 Maud
18%
238 Noortje
18%
179 Pip
18%
220 Yasmin
18%
133 Amélie
17%
421 Amelie
17%
276 Celine
17%
316 Céline
17%
299 Dina
17%
164 Donna
17%
269 Elina
17%
214 Elizabeth
17%
77 Esmee
17%
318 Esmée
17%
345 Esther
17%
497 Floortje
17%
369 Jara
17%
233 Jente
17%
204 Joy
17%
22 Lauren
17%
155 Mare
17%
339 Mina
17%
175 Mirthe
17%
290 Valerie
17%
183 Amelia
15%
401 Dana
15%
402 Emmy
15%
278 Jessie
15%
338 Kyra
15%
472 Linne
15%
229 Loes
15%
247 Lucie
15%
167 Lucy
15%
341 Nadia
15%
40 Nova
15%
65 Puck
15%
490 Puk
15%
150 Victoria
15%
197 Abby
14%
297 Aisha
14%
298 Claire
14%
194 Coco
14%
115 Fenne
14%
129 Guusje
14%
451 Imke
14%
467 Jasmine
14%
435 Joëlle
14%
89 Linde
14%
55 Liva
14%
243 Madelief
14%
329 Myrthe
14%
72 Norah
14%
61 Rosie
14%
494 Yana
14%
281 Ada
13%
321 Belle
13%
344 Eef
13%
99 Emilia
13%
415 Flora
13%
169 Indy
13%
251 Lotta
13%
303 Maartje
13%
20 Maeve
13%
126 Noëlle
13%
163 Pien
13%
145 Romee
13%
47 Romée
13%
398 Roxy
13%
240 Silke
13%
201 Soof
13%
125 Suus
13%
231 Yasmine
13%
185 Zoey
13%
333 Alexandra
11%
244 Billie
11%
212 Ela
11%
63 Ivy
11%
378 Jenna
11%
109 Jet
11%
485 Klara
11%
134 Lune
11%
119 Ruby
11%
429 Selina
11%
196 Stella
11%
131 Alina
10%
375 Alyssa
10%
103 Aya
10%
274 Cleo
10%
376 Farah
10%
142 Faye
10%
335 Febe
10%
121 Fiene
10%
108 Jolie
10%
327 Josefien
10%
292 Jule
10%
59 Juna
10%
337 Kira
10%
474 Marlie
10%
205 Marly
10%
248 Noëlla
10%
105 Nola
10%
286 Pippa
10%
83 Yuna
10%
446 Zarah
10%
331 Abigail
8%
223 Aimée
8%
283 Amara
8%
213 Aurora
8%
192 Bibi
8%
449 Eefje
8%
141 Flore
8%
368 Gwen
8%
35 Hailey
8%
198 Jackie
8%
159 Jip
8%
241 Laurie
8%
279 Layla
8%
117 Leah
8%
143 Leyla
8%
426 Lila
8%
347 Lorèn
8%
264 Mette
8%
149 Millie
8%
304 Milly
8%
152 Nore
8%
476 Nynke
8%
70 Suze
8%
85 Amira
7%
193 Bobbi
7%
210 Bobbie
7%
447 Daisy
7%
404 Fae
7%
417 Ida
7%
418 Jette
7%
171 Johanna
7%
224 Jolien
7%
178 Josephine
7%
336 Kaya
7%
294 Kiara
7%
471 Lente
7%
385 Liana
7%
442 Mikky
7%
162 Nine
7%
324 Noémi
7%
156 Pleun
7%
296 Sammie
7%
381 Yade
7%
75 Ayla
6%
177 Florine
6%
450 Hana
6%
73 Inaya
6%
425 Jayda
6%
500 Kaylee
6%
358 Liene
6%
138 Niene
6%
459 Selena
6%
363 Sienna
6%
236 Valentina
6%
291 Adriana
4%
228 Eliana
4%
136 Elif
4%
423 Frida
4%
346 Gaia
4%
498 Hayley
4%
424 Holly
4%
377 Ines
4%
452 Isabeau
4%
434 Jaimy
4%
187 Jinte
4%
172 Jinthe
4%
275 Jolijn
4%
101 Jula
4%
76 Loua
4%
246 Lua
4%
359 Luus
4%
439 Lydia
4%
454 Macy
4%
349 Maja
4%
441 Malou
4%
455 Mariam
4%
419 Maxime
4%
295 Melody
4%
340 Mirre
4%
458 Nela
4%
387 Nena
4%
389 Nori
4%
249 Teddy
4%
444 Thirza
4%
254 Azra
3%
413 Catharina
3%
422 Chiara
3%
448 Davina
3%
226 Diede
3%
218 Dua
3%
414 Eleonora
3%
288 Elodie
3%
180 Filou
3%
184 Freya
3%
407 Gigi
3%
466 Hazel
3%
262 Izzy
3%
468 Jazz
3%
436 Kayla
3%
470 Kes
3%
356 Leia
3%
438 Liliana
3%
263 Mayra
3%
252 Merle
3%
265 Meyra
3%
350 Mikki
3%
266 Milana
3%
215 Miley
3%
489 Neeltje
3%
428 Ninthe
3%
122 Philou
3%
235 Rhodé
3%
342 Skye
3%
493 Tirza
3%
477 Vanessa
3%
225 Wies
3%
312 Yfke
3%
399 Yinthe
3%
232 Aaliyah
1%
391 Alba
1%
365 Alya
1%
282 Amani
1%
284 Amaya
1%
480 Aurelia
1%
412 Ayah
1%
382 Aylin
1%
461 Ceylin
1%
317 Cornelia
1%
217 Doris
1%
307 Eleanor
1%
465 Fallon
1%
367 Fieke
1%
405 Fiep
1%
191 Giulia
1%
154 Isra
1%
308 Jailey
1%
392 Keet
1%
328 Kenza
1%
166 Lexi
1%
112 Loa
1%
348 Loué
1%
380 Lova
1%
182 Marley
1%
137 Maryam
1%
206 Meryem
1%
351 Milena
1%
475 Nila
1%
280 Nour
1%
330 Nové
1%
90 Novi
1%
173 Riley
1%
443 Safa
1%
491 Safae
1%
311 Salomé
1%
267 Sare
1%
362 Sena
1%
492 Talia
1%
174 Vajèn
1%
250 Vayèn
1%
445 Véda
1%
272 Vesper
1%
176 Vieve
1%
253 Ziva
1%
374 Zuzanna
1%
287 Abbey
0%
332 Alaïa
0%
479 Aliya
0%
353 Aliyah
0%
320 Alma
0%
273 Amanah
0%
222 Amina
0%
325 Arya
0%
237 Asel
0%
285 Asiya
0%
315 Asya
0%
153 Bowie
0%
354 Cataleya
0%
383 Defne
0%
463 Elynn
0%
481 Eslem
0%
355 Fayèn
0%
256 Hafsa
0%
416 Hendrika
0%
270 Hidaya
0%
482 Inara
0%
499 Inayah
0%
483 Jaydi
0%
408 Jazzlyn
0%
379 Jennah
0%
469 Juun
0%
293 Kae
0%
258 Layan
0%
309 Lexie
0%
357 Leya
0%
181 Liya
0%
135 Liyana
0%
302 Louèn
0%
410 Madée
0%
487 Marwa
0%
395 Mayla
0%
188 Maysa
0%
319 Medina
0%
427 Melina
0%
310 Meva
0%
396 Mihra
0%
411 Minte
0%
488 Miya
0%
371 Myla
0%
360 Naleya
0%
456 Naya
0%
457 Nayeli
0%
386 Nayla
0%
388 Neva
0%
372 Neyla
0%
323 Nisa
0%
200 Niya
0%
259 Noï
0%
207 Nourayn
0%
260 Novée
0%
208 Nowi
0%
361 Oumayra
0%
420 River
0%
373 Safiya
0%
268 Scottie
0%
430 Sidra
0%
364 Vive
0%
478 Yarah
0%
313 Zaya
0%
203 Zeynep
0%
495 Zofia
0%
Geen overeenkomende quizzen gevonden
Scoreverdeling
Procent van Mensen met Elke Score
Percentiel versus Aantal Correcte Antwoorden
Uw Scoregeschiedenis
U heeft deze quiz nog niet genomen